000 00534nam a22001937a 4500
003 CEME
005 20210628204148.0
008 210104b xxu||||| |||| 00| 0 eng d
020 _a9788131790274
040 _cceme
082 _a530 YOU
100 _aYoung, Hugh.D, Freedman, Roger.A, Ford, A. Lewis
_969034
245 _aSears and zemansky's university physics
250 _a13TH
260 _aNEW DELHI
_bPEARSON EDUCATION
_c2015
300 _a1521P
650 _aUNIVERSITY PHYSICS.MODERN PHYSICS
_961271
942 _cBK
_2ddc
999 _c576455
_d576455